| 000 | 00929nam a22002297a 4500 | ||
|---|---|---|---|
| 999 |
_c63620 _d63620 |
||
| 005 | 20240530110650.0 | ||
| 008 | 171210s2016 ua o g b 001 0 ara d | ||
| 017 |
_a2015/37458 _bمصر. دار الكتب |
||
| 040 |
_aEG-CaGPL _cEG-CaGPL |
||
| 082 | 0 | 4 |
_221 _a302.23\ _bح م |
| 100 | 0 | _aحسنين شفيق | |
| 245 | 1 | 0 |
_aمقدمة فى المناظرات الاعلامية : _bالتقنية : الاسلوب : القواعد و اسس الاعداد / _cتأليف حسنين شفيق . |
| 250 | _aط.1 | ||
| 260 |
_aالقاهرة : _bدار فكر وفن ، _c2016 . |
||
| 300 |
_a312 ص. : _bايض. ؛ _c24 سم. |
||
| 650 | 0 | 7 |
_2qrmak _aالمناظرات الاعلامية |
| 650 | 0 | 7 |
_2qrmak _aالمناظرات الالكترونية |
| 650 | 0 | 7 |
_2qrmak _aلغة الجسد _xالمناظرات الاعلامية |
| 651 | _2qrmak | ||
| 942 |
_2ddc _cBK |
||